|
|
|
|
| LEADER |
04236nam a2200577 4500 |
| 001 |
978-3-319-99429-1 |
| 003 |
DE-He213 |
| 005 |
20191026091224.0 |
| 007 |
cr nn 008mamaa |
| 008 |
180823s2018 gw | s |||| 0|eng d |
| 020 |
|
|
|a 9783319994291
|9 978-3-319-99429-1
|
| 024 |
7 |
|
|a 10.1007/978-3-319-99429-1
|2 doi
|
| 040 |
|
|
|d GrThAP
|
| 050 |
|
4 |
|a QH324.2-324.25
|
| 072 |
|
7 |
|a PSA
|2 bicssc
|
| 072 |
|
7 |
|a COM014000
|2 bisacsh
|
| 072 |
|
7 |
|a PSA
|2 thema
|
| 072 |
|
7 |
|a UB
|2 thema
|
| 082 |
0 |
4 |
|a 570.285
|2 23
|
| 245 |
1 |
0 |
|a Computational Methods in Systems Biology
|h [electronic resource] :
|b 16th International Conference, CMSB 2018, Brno, Czech Republic, September 12-14, 2018, Proceedings /
|c edited by Milan Češka, David Šafránek.
|
| 250 |
|
|
|a 1st ed. 2018.
|
| 264 |
|
1 |
|a Cham :
|b Springer International Publishing :
|b Imprint: Springer,
|c 2018.
|
| 300 |
|
|
|a XXIII, 326 p. 88 illus.
|b online resource.
|
| 336 |
|
|
|a text
|b txt
|2 rdacontent
|
| 337 |
|
|
|a computer
|b c
|2 rdamedia
|
| 338 |
|
|
|a online resource
|b cr
|2 rdacarrier
|
| 347 |
|
|
|a text file
|b PDF
|2 rda
|
| 490 |
1 |
|
|a Lecture Notes in Bioinformatics ;
|v 11095
|
| 505 |
0 |
|
|a Modeling and Engineering Promoters with Pre-defined RNA Production Dynamics in Escherichia coli -- Deep Abstractions of Chemical Reaction Networks -- Derivation of A Biomass Proxy for Dynamic Analysis of Whole Genome Metabolic Models -- Computing Diverse Boolean Networks from Phosphoproteomic Time Series Data -- Characterization of the Experimentally Observed Clustering of VEGF Receptors -- Synthesis for Vesicle Traffic Systems -- Formal Analysis of Network Motifs -- Buffering Gene Expression Noise by microRNA Based Feed Forward Regulation -- Stochastic Rate Parameter Inference Using the Cross-Entropy Method -- Experimental Biological Protocols with Formal Semantics -- Robust Data-Driven Control of Artificial Pancreas Systems Using Neural Networks -- Programming Substrate-Independent Kinetic Barriers with Thermodynamic Binding Networks -- A Trace Query Language for Rule-based Models -- Inferring Mechanism of Action of an Unknown Compound from Time Series Omics Data -- Composable Rate-Independent Computation in Continuous Chemical Reaction Networks -- ASSA-PBN 3.0: Analysing Context-sensitive Probabilistic Boolean Networks -- KaSa: A Static Analyzer for Kappa -- On Robustness Computation and Optimization in BIOCHAM-4 -- LNA++: Linear Noise Approximation with First and Second Order Sensitivities -- Reparametrizing the Sigmoid Model of Gene Regulation for Bayesian Inference -- On the Full Control of Boolean Networks -- Systems Metagenomics: Applying Systems Biology Thinking to Human Microbiome Analysis.
|
| 520 |
|
|
|a Chapters 3, 9 and 10 are available open access under a Creative Commons Attribution 4.0 International License via link.springer.com.
|
| 650 |
|
0 |
|a Bioinformatics.
|
| 650 |
|
0 |
|a Artificial intelligence.
|
| 650 |
|
0 |
|a Software engineering.
|
| 650 |
|
0 |
|a Mathematical logic.
|
| 650 |
|
0 |
|a Computer logic.
|
| 650 |
1 |
4 |
|a Computational Biology/Bioinformatics.
|0 http://scigraph.springernature.com/things/product-market-codes/I23050
|
| 650 |
2 |
4 |
|a Artificial Intelligence.
|0 http://scigraph.springernature.com/things/product-market-codes/I21000
|
| 650 |
2 |
4 |
|a Software Engineering.
|0 http://scigraph.springernature.com/things/product-market-codes/I14029
|
| 650 |
2 |
4 |
|a Mathematical Logic and Formal Languages.
|0 http://scigraph.springernature.com/things/product-market-codes/I16048
|
| 650 |
2 |
4 |
|a Logics and Meanings of Programs.
|0 http://scigraph.springernature.com/things/product-market-codes/I1603X
|
| 700 |
1 |
|
|a Češka, Milan.
|e editor.
|0 (orcid)0000-0002-0300-9727
|1 https://orcid.org/0000-0002-0300-9727
|4 edt
|4 http://id.loc.gov/vocabulary/relators/edt
|
| 700 |
1 |
|
|a Šafránek, David.
|e editor.
|4 edt
|4 http://id.loc.gov/vocabulary/relators/edt
|
| 710 |
2 |
|
|a SpringerLink (Online service)
|
| 773 |
0 |
|
|t Springer eBooks
|
| 776 |
0 |
8 |
|i Printed edition:
|z 9783319994284
|
| 776 |
0 |
8 |
|i Printed edition:
|z 9783319994307
|
| 830 |
|
0 |
|a Lecture Notes in Bioinformatics ;
|v 11095
|
| 856 |
4 |
0 |
|u https://doi.org/10.1007/978-3-319-99429-1
|z Full Text via HEAL-Link
|
| 912 |
|
|
|a ZDB-2-SCS
|
| 912 |
|
|
|a ZDB-2-LNC
|
| 950 |
|
|
|a Computer Science (Springer-11645)
|